000 00494cam a2200133 4500
001 J103859
008 000000n2000 000 0 eng u
035 _a(Sirsi) u103859
110 _aConstruction Industry Research and Information Association
_94810
245 _aConstruction contract incentive schemes : lessons from experience.
260 _aLondon
_bCIRIA
_c2000
520 _aNOT YET PUBLISHED - Not due to be published before November 2000 (information from CIRIA 27/3/00)
942 _n0
999 _c100180
_d100180